<?xml version="1.0" encoding="UTF-8"?>
<record
    xmlns:xsi="http://www.w3.org/2001/XMLSchema-instance"
    xsi:schemaLocation="http://www.loc.gov/MARC21/slim http://www.loc.gov/standards/marcxml/schema/MARC21slim.xsd"
    xmlns="http://www.loc.gov/MARC21/slim">

  <leader>01947cam a2200505   4500</leader>
  <datafield tag="999" ind1=" " ind2=" ">
    <subfield code="c">24212</subfield>
    <subfield code="d">24212</subfield>
  </datafield>
  <controlfield tag="001">vtls012057354</controlfield>
  <controlfield tag="005">20260507111201.0</controlfield>
  <controlfield tag="008">210607s2021    xo oa  grfn   001 0 slo  </controlfield>
  <datafield tag="020" ind1=" " ind2=" ">
    <subfield code="a">9788055177311</subfield>
    <subfield code="q">(viazan&#xE9;)</subfield>
  </datafield>
  <datafield tag="040" ind1=" " ind2=" ">
    <subfield code="a">TTKJF</subfield>
    <subfield code="b">slo</subfield>
    <subfield code="c">TTKJF</subfield>
    <subfield code="d">SNK</subfield>
    <subfield code="e">rda</subfield>
  </datafield>
  <datafield tag="041" ind1="1" ind2=" ">
    <subfield code="a">slo</subfield>
    <subfield code="h">eng</subfield>
  </datafield>
  <datafield tag="044" ind1=" " ind2=" ">
    <subfield code="a">xo</subfield>
    <subfield code="c">SK</subfield>
  </datafield>
  <datafield tag="072" ind1=" " ind2="7">
    <subfield code="a">635</subfield>
    <subfield code="x">Z&#xE1;hradk&#xE1;rstvo</subfield>
    <subfield code="2">konspekt</subfield>
  </datafield>
  <datafield tag="072" ind1=" " ind2="7">
    <subfield code="a">712</subfield>
    <subfield code="x">Pl&#xE1;novanie krajiny. Parky. Z&#xE1;hrady</subfield>
    <subfield code="2">konspekt</subfield>
  </datafield>
  <datafield tag="080" ind1=" " ind2=" ">
    <subfield code="a">635.047</subfield>
    <subfield code="2">2011</subfield>
  </datafield>
  <datafield tag="080" ind1=" " ind2=" ">
    <subfield code="a">635</subfield>
    <subfield code="2">2011</subfield>
  </datafield>
  <datafield tag="080" ind1=" " ind2=" ">
    <subfield code="a">712.3/.7</subfield>
    <subfield code="2">2011</subfield>
  </datafield>
  <datafield tag="080" ind1=" " ind2=" ">
    <subfield code="a">(0.062)</subfield>
    <subfield code="2">2011</subfield>
  </datafield>
  <datafield tag="100" ind1="1" ind2=" ">
    <subfield code="a">Griffiths, Alistair,</subfield>
    <subfield code="d">1975-</subfield>
    <subfield code="4">aut</subfield>
    <subfield code="9">5596</subfield>
  </datafield>
  <datafield tag="240" ind1="1" ind2="0">
    <subfield code="a">Your Wellbeing Garden</subfield>
    <subfield code="l">Slovensky</subfield>
  </datafield>
  <datafield tag="245" ind1="1" ind2="0">
    <subfield code="a">Moja pohodov&#xE1; z&#xE1;hrada</subfield>
    <subfield code="b">ke&#x10F; z&#xE1;hrada prin&#xE1;&#x161;a &#xFA;&#x17E;itok a prospieva zdraviu : veda : dizajn : prax</subfield>
    <subfield code="c">Alistair Griffiths, Matt Keightley, Annie Gattiov&#xE1;, Zia Allawayov&#xE1; ; ilustr&#xE1;tori Keith Hagan, Nicola Powlingov&#xE1; ; z anglick&#xE9;ho origin&#xE1;lu Your Wellbeing Garden ... prelo&#x17E;ila Katar&#xED;na Bukovenov&#xE1;</subfield>
  </datafield>
  <datafield tag="250" ind1=" " ind2=" ">
    <subfield code="a">Prv&#xE9; vydanie</subfield>
  </datafield>
  <datafield tag="264" ind1=" " ind2="1">
    <subfield code="a">Bratislava</subfield>
    <subfield code="b">Ikar, a.s. - Pr&#xED;roda</subfield>
    <subfield code="c">2021</subfield>
  </datafield>
  <datafield tag="300" ind1=" " ind2=" ">
    <subfield code="a">224 str&#xE1;n</subfield>
    <subfield code="b">farebn&#xE9; ilustr&#xE1;cie, fotografie</subfield>
    <subfield code="c">24 cm</subfield>
  </datafield>
  <datafield tag="336" ind1=" " ind2=" ">
    <subfield code="a">text</subfield>
    <subfield code="b">txt</subfield>
    <subfield code="2">rdacontent</subfield>
  </datafield>
  <datafield tag="336" ind1=" " ind2=" ">
    <subfield code="a">statick&#xFD; obraz</subfield>
    <subfield code="b">sti</subfield>
    <subfield code="2">rdacontent</subfield>
  </datafield>
  <datafield tag="337" ind1=" " ind2=" ">
    <subfield code="a">bez m&#xE9;dia</subfield>
    <subfield code="b">n</subfield>
    <subfield code="2">rdamedia</subfield>
  </datafield>
  <datafield tag="338" ind1=" " ind2=" ">
    <subfield code="a">zv&#xE4;zok</subfield>
    <subfield code="b">nc</subfield>
    <subfield code="2">rdacarrier</subfield>
  </datafield>
  <datafield tag="650" ind1="0" ind2="7">
    <subfield code="a">z&#xE1;hrady</subfield>
    <subfield code="2">SNKPH</subfield>
    <subfield code="9">5577</subfield>
  </datafield>
  <datafield tag="650" ind1="0" ind2="7">
    <subfield code="a">z&#xE1;hradn&#xED;ctvo</subfield>
    <subfield code="2">SNKPH</subfield>
    <subfield code="9">5597</subfield>
  </datafield>
  <datafield tag="650" ind1="0" ind2="7">
    <subfield code="a">z&#xE1;hradn&#xE1; architekt&#xFA;ra</subfield>
    <subfield code="2">SNKPH</subfield>
    <subfield code="9">5581</subfield>
  </datafield>
  <datafield tag="650" ind1="0" ind2="7">
    <subfield code="a">Gardens</subfield>
    <subfield code="2">SNKPHeng</subfield>
    <subfield code="9">5598</subfield>
  </datafield>
  <datafield tag="650" ind1="0" ind2="7">
    <subfield code="a">Horticulture</subfield>
    <subfield code="2">SNKPHeng</subfield>
    <subfield code="9">4766</subfield>
  </datafield>
  <datafield tag="650" ind1="0" ind2="7">
    <subfield code="a">Garden architecture</subfield>
    <subfield code="2">SNKPHeng</subfield>
    <subfield code="9">5599</subfield>
  </datafield>
  <datafield tag="655" ind1=" " ind2="7">
    <subfield code="a">popul&#xE1;rno-n&#xE1;u&#x10D;n&#xE9; publik&#xE1;cie</subfield>
    <subfield code="2">SNKPH</subfield>
    <subfield code="9">1486</subfield>
  </datafield>
  <datafield tag="655" ind1=" " ind2="7">
    <subfield code="a">Popular works</subfield>
    <subfield code="2">SNKPHeng</subfield>
    <subfield code="9">1487</subfield>
  </datafield>
  <datafield tag="700" ind1="1" ind2=" ">
    <subfield code="a">Keightley, Matt</subfield>
    <subfield code="4">aut</subfield>
    <subfield code="9">5600</subfield>
  </datafield>
  <datafield tag="700" ind1="1" ind2=" ">
    <subfield code="a">Gatti, Anne</subfield>
    <subfield code="4">aut</subfield>
    <subfield code="9">5601</subfield>
  </datafield>
  <datafield tag="700" ind1="1" ind2=" ">
    <subfield code="a">Allaway, Zia</subfield>
    <subfield code="4">aut</subfield>
    <subfield code="9">5602</subfield>
  </datafield>
  <datafield tag="700" ind1="1" ind2=" ">
    <subfield code="a">Hagan, Keit</subfield>
    <subfield code="4">ill</subfield>
    <subfield code="9">5603</subfield>
  </datafield>
  <datafield tag="700" ind1="1" ind2=" ">
    <subfield code="a">Powling, Nicola</subfield>
    <subfield code="4">ill</subfield>
    <subfield code="9">5604</subfield>
  </datafield>
  <datafield tag="700" ind1="1" ind2=" ">
    <subfield code="a">Bukovenov&#xE1;, Katar&#xED;na</subfield>
    <subfield code="4">trl</subfield>
    <subfield code="9">5605</subfield>
  </datafield>
  <datafield tag="958" ind1=" " ind2=" ">
    <subfield code="a">OP</subfield>
  </datafield>
  <datafield tag="958" ind1=" " ind2=" ">
    <subfield code="a">NB</subfield>
  </datafield>
  <datafield tag="952" ind1=" " ind2=" ">
    <subfield code="0">0</subfield>
    <subfield code="1">0</subfield>
    <subfield code="2">udc</subfield>
    <subfield code="4">0</subfield>
    <subfield code="7">0</subfield>
    <subfield code="8">K</subfield>
    <subfield code="a">10000</subfield>
    <subfield code="b">10000</subfield>
    <subfield code="d">2026-05-07</subfield>
    <subfield code="g">3.90</subfield>
    <subfield code="i">22578</subfield>
    <subfield code="l">1</subfield>
    <subfield code="o">I1935</subfield>
    <subfield code="p">I1935</subfield>
    <subfield code="q">2026-07-11</subfield>
    <subfield code="r">2026-06-11</subfield>
    <subfield code="s">2026-06-11</subfield>
    <subfield code="w">2026-05-07</subfield>
    <subfield code="y">KLDO</subfield>
  </datafield>
</record>
